000 00268nam a2200097Ia 4500
001 1220180
005 20250827092806.0
008 250824s9999 xx 000 0 und d
245 0 _aBEATRİCETEN SONRA BİRİNCİ YÜZYIL
_cAMİN MAALOUF
260 _bYAPI KREDİ YAYINLARI
999 _c1220180
_d1220180